000 00305nam a2200121Ia 4500
005 20251222141950.0
008 251222s9999||||xx |||||||||||||| ||spa||
020 _a958-704-368-5
082 _aREF.463/A82
245 0 _aDiccionario Panhispánismo de Dudas
264 _bReal Academia Española
942 _cLIB
999 _c9662
_d9662